| 000 | 01145nac a22002531u 4500 | ||
|---|---|---|---|
| 010 | _a 99088504 | ||
| 020 | _a0521770416 - 0521779650 | ||
| 020 | _a0521779650 (pbk.) | ||
| 082 | 0 | 0 |
_a332.015118 _bF8571 |
| 090 |
_c2080 _d2080 |
||
| 100 | _aFranses, Philip Hans, | ||
| 245 | 1 | 0 |
_aNonlinear time series models in empirical finance / _cPhilip Hans Franses, Dick van Dijk. |
| 260 |
_aCambridge, UK ; _aNew York : _bCambridge University Press,2000 _c2000. |
||
| 300 |
_axvi, 280 p. : _bill. ; _c26 cm. |
||
| 504 | _aIncludes bibliographical references (p. 254-271) and index. | ||
| 650 | 0 |
_aFinance _xMathematical models. |
|
| 650 | 0 | _aTime-series analysis. | |
| 700 | 1 | _aDijk, Dick van. | |
| 856 | 4 | 1 |
_3Sample text _uhttp://www.loc.gov/catdir/samples/cam032/99088504.html |
| 856 | 4 | 1 |
_3Publisher description _uhttp://www.loc.gov/catdir/description/cam0210/99088504.html |
| 856 | 4 | 1 |
_3Table of contents _uhttp://www.loc.gov/catdir/toc/cam021/99088504.html |
| 942 |
_cBB _k332.015118F8571 |
||
| 999 |
_c2080 _d2080 |
||